000 00489pab a2200169 454500
008 180718b2015 xxu||||| |||| 00| 0 eng d
100 _aSanea, Renuka
245 _aIn search of inclusion: informal sector participation in a voluntary, defined contribution pension system
260 _c2015
300 _ap.1409-1424.
362 _aOct
650 _aInformal sector
650 _aPensions
700 _aThomas, Susan
773 _aJournal of Development Studies
909 _a109527
999 _c109522
_d109522